Mr Sampath: The Printer of Malgudi, the Financial Expert, Waiting for the Mahatma (Record no. 1931)

MARC details
005 - DATE AND TIME OF LATEST TRANSACTION
control field 20250505124646.0
020 ## - INTERNATIONAL STANDARD BOOK NUMBER
International Standard Book Number 0-4000-4477-4
082 ## - DEWEY DECIMAL CLASSIFICATION NUMBER
Classification number 823 NAR
100 ## - MAIN ENTRY--PERSONAL NAME
Author name NARAYAN, R. K.
245 ## - TITLE STATEMENT
Title Mr Sampath: The Printer of Malgudi, the Financial Expert, Waiting for the Mahatma
260 ## - PUBLICATION, DISTRIBUTION, ETC.
Place of publication, distribution, etc. New York,
Name of publisher, distributor, etc. Everyman's Library,
Date of publication, distribution, etc. 2006.
300 ## - PHYSICAL DESCRIPTION
Extent xxxviii, 578p.
Other physical details Glossary,
Dimensions 22cm.
942 ## - ADDED ENTRY ELEMENTS (KOHA)
Source of classification or shelving scheme Dewey Decimal Classification
Koha item type Books
Holdings
Date last seen Total checkouts Full call number Barcode Cost, replacement price Price effective from Koha item type Lost status Source of classification or shelving scheme Damaged status Not for loan Withdrawn status Home library Current library Shelving location Date acquired Cost, normal purchase price
05/05/2025   823 NAR 0000006123 87000.00 04/06/2018 Books   Dewey Decimal Classification       College of Business Education Main Library College of Business Education Main Library General Collection 05/05/2025 29000.00